Tablas poéticas / (Record no. 152999)
[ view plain ]
| 000 -LEADER | |
|---|---|
| campo de control de longitud fija | 01296nam a2200265 i 4500 |
| 001 - NÚMERO DE CONTROL | |
| campo de control | 152999 |
| 003 - IDENTIFICADOR DE NÚMERO DE CONTROL | |
| campo de control | ES-MaACL |
| 005 - FECHA Y HORA DE LA ÚLTIMA TRANSACCIÓN | |
| campo de control | 20230906204954.0 |
| 008 - DATOS DE LONGITUD FIJA--INFORMACIÓN GENERAL | |
| campo de control de longitud fija | 931025s1779 sp ax |||| | spa d |
| 100 0# - ENTRADA PRINCIPAL--NOMBRE DE PERSONA | |
| Nombre de persona | Cascales, Francisco. |
| 9 (RLIN) | 36268 |
| 245 10 - MENCIÓN DEL TÍTULO | |
| Título | Tablas poéticas / |
| Mención de responsabilidad, etc. | del lic. Francisco Cascales ; añadese en esta II impresion Epistola Q. Horatii Flacci de Arte Poetica in methodum redacta, vesiculus horatianis stantibus ... ; item Novae in grammaticam observationes ; item discurso de la ciudad de Cartagena. |
| 260 ## - PUBLICACIÓN, DISTRIBUCIÓN, ETC. | |
| Lugar de publicación, distribución, etc. | En Madrid : |
| Nombre del editor, distribuidor, etc. | por Don Antonio de Sancha, |
| Fecha de publicación, distribución, etc. | 1779. |
| 300 ## - DESCRIPCIÓN FÍSICA | |
| Extensión | XXIV, 360 p., [1] h. de grab. ; |
| Dimensiones | 8º (19 cm) |
| 530 ## - NOTA DISPONIBLE DE FORMULARIO FÍSICO ADICIONAL | |
| Nota de formato físico adicional disponible | Disponible en formato digital. |
| 597 ## - NOTA DE DESCRIPCIÓN FÍSICA | |
| NOTA DE DESCRIPCIÓN FÍSICA | Sign.: Sign. : *8, 2*4, A-Y8, Z4. |
| 599 ## - NOTA A LAS ILUSTRACIONES | |
| NOTA A LAS ILUSTRACIONES | La h. de lámina es un grabado calcográfico, retrato del autor: "Ants. Carnicero delt., Moreno Tejada fct." |
| 650 #4 - PUNTO DE ACCESO ADICIONAL DE MATERIA--TÉRMINO DE MATERIA | |
| Término de materia o nombre geográfico como elemento de entrada | Poética- |
| Subdivisión cronológica | S.XVII. |
| 9 (RLIN) | 154254 |
| 651 #4 - PUNTO DE ACCESO ADICIONAL DE MATERIA--NOMBRE GEOGRÁFICO | |
| Nombre geográfico | Cartagena- |
| Subdivisión general | Historia. |
| 9 (RLIN) | 7970 |
| 700 1# - ENTRADA AGREGADA--NOMBRE PERSONAL | |
| Nombre de persona | Horacio Flaco, Quinto. |
| 9 (RLIN) | 64182 |
| 700 0# - ENTRADA AGREGADA--NOMBRE PERSONAL | |
| Nombre de persona | Carnicero, Antonio. |
| 9 (RLIN) | 35379 |
| 700 1# - ENTRADA AGREGADA--NOMBRE PERSONAL | |
| Nombre de persona | Moreno Tejada, Juan. |
| 9 (RLIN) | 130174 |
| 740 01 - ENTRADA AGREGADA--TÍTULO RELACIONADO/ANALÍTICO NO CONTROLADO | |
| Título relacionado o analítico no controlado | Discurso de la Ciudad de Cartagena. |
| 852 ## - LOCALIZACIÓN | |
| Ubicación | ES-MaACL |
| Número de control de estantería | R-959 |
| Nota libre | -- Enc. hol. |
| Encuadernación | -- Olim: G-9882 |
| 856 ## - LOCALIZACIÓN Y ACCESO ELECTRÓNICOS | |
| Identificador Uniforme de Recursos | <a href="http://bdh-rd.bne.es/viewer.vm?id=0000091370&page=1 ">http://bdh-rd.bne.es/viewer.vm?id=0000091370&page=1 </a> |
| Nota pública | Biblioteca Digital Hispánica |
| Estatus retirado | Estado de pérdida | Estado de daño | No para préstamo | Colección | Biblioteca de origen | Biblioteca actual | Ubicación en estantería | Fecha de adquisición | Fuente de adquisición | Total de préstamos | Signatura topográfica completa | Código de barras | Visto por última vez | Precio de reemplazo | Tipo de ítem Koha |
|---|---|---|---|---|---|---|---|---|---|---|---|---|---|---|---|
| Colección digital | Biblioteca del Ateneo de Madrid | Biblioteca del Ateneo de Madrid | Depósito | 17/01/2008 | R-959 | 1159836 | 23/02/2023 | 23/02/2023 | Libro impreso antiguo |
